000 00330nam a22001337a 4500
008 180918b xxu||||| |||| 00| 0 eng d
020 _a9780471015871
041 _aeng
080 _a370
100 _a47
101 _aEDU
245 _aListening The Forgotten Skills A self Teaching Guide
_cAllen.M.B
942 _2udc
_cBK
999 _c47930
_d47930